000 00418nam a2200169Ia 4500
008 101006t2006 xxu||||| |||| 00| 0 sin d
041 _asin
080 _aX8S1
_bRAN
100 _aRanaweera, Ariyavansa
245 _aසම්මිශ්‍රණ
246 _aSammisrana
260 _bGodage
_acolombo
_c2006
300 _b78p., 21 cm
942 _cBK
999 _c76706
_d76706
003 LK-CoDNM
040 _aLK-CoDNM
_dLK-CoDNM
_eLK-CoDNM